Alle Ukendt kunstner sange - Statistics

General Stats
  • This quiz has been taken 17 times
  • The average score is 34 of 58
Answer Stats
Hælervarer % Correct
Neonlys
100%
Dansktop
90%
Den Anden Side
90%
Stein Bagger
90%
28 / 46
80%
Alting / Ingenting
80%
Boulevarden
80%
Hellar
80%
Hun Sagde
80%
Langt Væk
80%
Mand Over Bord
80%
Uden Dig
80%
Fucking Nummer
70%
Gennem Byen
70%
Guld & Diamanter
70%
Jesu Blod
70%
København
70%
Lørdag Aften
70%
Overleve
70%
Soma
70%
Søndag Morgen
70%
Spor 6
70%
Daglige Brød
60%
Et Andet Niveau
60%
Fastelavn
60%
For Livet
60%
Kjærlighed
60%
Lige Nu
60%
Pornografisk Hukommelse
60%
Profetien
60%
Aerosol
50%
Begyndelsen
50%
Betonjunglen
50%
De Sataniske Vers
50%
Drømme
50%
Englebarn
50%
Fortæl Dem
50%
Ingen Hører
50%
Ingenting
50%
Kolumbine
50%
Krøblinge Og Blinde
50%
Lange Nætter
50%
M.A.E.R.S.K.
50%
Stjernekigger
50%
The Motto Freestyle
50%
Uhyggeligt
50%
Ukronede Konger
50%
Baby
40%
Det Dejligt
40%
Feelings
40%
F.P. Jac.
40%
Gran Turismo
40%
Hele Dagen
40%
Hena
40%
Ingen Problemer
40%
Interlude
40%
Allesammen
20%
Kerosin
20%
No matching quizzes found
Score Distribution
Percent of People with Each Score
Percentile by Number Answered
Your Score History
You have not taken this quiz